O lanche dos coelhos (Registo nº 1975)

Detalhes MARC
000 -Etiqueta do registo
Cabeçalho 00757nam a22002771 4500
005 - Identificador da versão
Campo de controlo 20240813121921.0
021 ## - Número do Depósito Legal
Código do país PT
100 ## - Dados gerais de processamento
Dados gerais de processamento 20070620d1970 c y0pory500305 ba
102 ## - Pais de publicação ou produção
País de publicação Portugal
101 1# - Língua de publicação
Língua do texto, banda sonora, etc. Português
106 ## - Campo de dados codificados: material textual
Dados codificados do material textual r
105 ## - Campo de dados codificados: livros
Dados codificados dos livros a z 000fy
215 ## - Descrição física 
Indicação específica da natureza do documento e extensão da espécie 19 p.
Outras indicações físicas muito il.
Dimensões 26 cm
200 1# - Titulo e menção de responsabilidade
Título próprio O lanche dos coelhos
Primeira menção de responsabilidade texto de Lucie Dermine
Outras menções de responsabilidade il. Simone Baudoin
225 2# - Colecção 
Título próprio da colecção Verbo infantil
Indicação de volume 34
210 ## - Publicação, Distribuição, etc. 
Lugar da edição, distribuição, etc. Lisboa
Nome do editor, distribuidor, etc. Verbo
Data da publicação, distribuição, etc. [D.L. 1970]
606 ## - Nome comum usado como assunto
Número de registo de entrada de autoridade 0000187
Palavra de ordem Literatura estrangeira infantil
Subdivisão de assunto Conto
675 ## - Classificação Decimal Universal (CDU)
Notação 82-34
Edição
Língua da edição por
701 #1 - Nome de autor-pessoa física (co-responsabilidade principal)
Palavra de ordem Baudoin
Outra parte do nome não tomada para palavra de ordem Simone
Código de função Ilustrador / Técnico de desenho computorizado
700 #1 - Nome de autor-pessoa física (responsabilidade principal)
Número de registo de entrada de autoridade 0000627
Palavra de ordem Dermine
Outra parte do nome não tomada para palavra de ordem Lucie
942 ## - Elementos de entrada adicionados (Koha)
Tipo de item no Koha Livro
Exemplares
Situação do levantamento Origin of item (home branch) (coded) Biblioteca de empréstimo Código de barras Cota Circulation type (not for loan) Tipo de documento Nota do exemplar Damaged status
  Biblioteca Escolar da Coca Maravilhas Biblioteca Escolar da Coca Maravilhas BECM8148/07 8EST DER   Livro Sem mensagem